Tatérka /
Mladý policista Francis a tatérka Marni společně hledají sériového vraha, který stahuje svoje oběti z kůže a krade jim jejich tetování.
Uloženo v:
| Série: | Tatérka,
část 1 |
|---|---|
| Hlavní autor: | |
| Další autoři: | |
| Médium: | E-kniha |
| Jazyk: | Czech |
| Vydáno: |
V Praze :
Plus,
2018
|
| Vydání: | Vydání první |
| Témata: | |
| Příbuzné jednotky: | Z cyklu::
Tatérka |
| Tagy: |
Žádné tagy |
| LEADER | 02561nam a2200481 i 4500 | ||
|---|---|---|---|
| 001 | 310942 | ||
| 003 | CZ PrSKC | ||
| 005 | 20260601215657.0 | ||
| 007 | ta | ||
| 008 | 180921s2018 xr g 000 f cze | ||
| 015 | |a cnb003037635 | ||
| 020 | |a 9788025909560 |q (vázáno) | ||
| 035 | |a (OCoLC)1078646942 | ||
| 040 | |a BOA001 |b cze |d ABA001 |e rda | ||
| 041 | 1 | |a cze |h eng | |
| 072 | 7 | |a 821.111-3 |x Anglická próza, anglicky psaná |2 Konspekt | |
| 080 | |a 821.111-31 |2 MRF | ||
| 080 | |a (0:82-312.4) |2 MRF | ||
| 100 | 1 | |a Belsham, Alison |7 mzk20181009027 |4 aut | |
| 240 | 1 | 0 | |a Tattoo thief. |l Česky |
| 245 | 1 | 0 | |a Tatérka / |c Alison Belshamová ; přeložila Alžběta Franková |
| 250 | |a Vydání první | ||
| 264 | 1 | |a V Praze : |b Plus, |c 2018 | |
| 300 | |a 353 stran ; |c 21 cm | ||
| 336 | |a text |b txt |2 rdacontent | ||
| 337 | |a bez média |b n |2 rdamedia | ||
| 338 | |a svazek |b nc |2 rdacarrier | ||
| 500 | |a Přeloženo z angličtiny | ||
| 520 | 2 | |a Mladý policista Francis a tatérka Marni společně hledají sériového vraha, který stahuje svoje oběti z kůže a krade jim jejich tetování. |b Renomovaná tatérka Marni Mullinsová objeví během tetovacího veletrhu v Brightonu v kontejneru zohavenou mrtvolu. A jak se záhy ukáže, mrtvol bude více. Sériový vrah se zaměřuje na nositele zajímavých kérek. Svoje oběti zaživa stahuje z kůže a jako trofeje si odnáší jejich tetování. Mladý policejní inspektor Francis Sullivan naváže spolupráci s Marni. Marni, zkušená tatérka a znalkyně světa tetovacích salónů, může pomoci s odhalením hledaného vraha. Vše jen komplikuje její nedůvěra v policii. | |
| 655 | 7 | |a anglické romány |7 fd131814 |2 czenas | |
| 655 | 7 | |a detektivní romány |7 fd132010 |2 czenas | |
| 655 | 7 | |a thrillery (romány) |7 fd184206 |2 czenas | |
| 655 | 9 | |a English fiction |2 eczenas | |
| 655 | 9 | |a detective novels |2 eczenas | |
| 655 | 9 | |a thrillers (novels) |2 eczenas | |
| 700 | 1 | |a Franková, Alžběta, |d 1992- |7 kv2016916117 |4 trl | |
| 787 | 0 | 8 | |i Z cyklu: |t Tatérka |g 1 |
| 900 | |a ABA001 |b 21 | ||
| 928 | 9 | |a Albatros Media - Plus | |
| 044 | |a xr | ||
| 910 | |a RBIT002 | ||
| 998 | |d 179372 |a https://core.palmknihy.cz/api/books/179372/cover?pfm8qt |b https://core.palmknihy.cz/api/books/179372/cover/400?pfm8qt |c https://core.palmknihy.cz/api/books/179372/cover/50?pfm8qt |e 2028-01-19 |g 360 |i 9788025909560 |j https://core.palmknihy.cz/api/books/179372/preview.epub |k https://core.palmknihy.cz/api/books/179372/preview.pdf |l |q 49 |r 1 |s https://www.palmknihy.cz/kniha/179372 |t ebook |y 2018 |z 0 |v Tatérka |w 1 | ||
| 999 | |d 310940 | ||